Finland Players Biggest Transfers - Statistics

General Stats
  • This quiz has been taken 65 times
  • The average score is 17 of 39
Answer Stats
Player From Joined % Correct
ST Teemu Pukki 13/14 Schalke Celtic
94%
ST Teemu Pukki 11/12 HJK Helsinki Schalke
94%
AM Jari Litmanen 99/00 Ajax Barcelona
83%
CB Sami Hyypia 99/00 Willem II Liverpool
74%
GK Lukas Hradecky 15/16 Brondby Eintracht Frankfurt
72%
CM Glen Kamara 23/24 Rangers Leeds United
67%
AM Roman Eremenko 11/12 Dynamo Kyiv Rubin Kazan
67%
AM Roman Eremenko 14/15 Rubin Kazan CSKA Moscow
67%
AM Roman Eremenko 09/10 Udinese Dynamo Kyiv
67%
AM Aleksey Eremenko 05/06 Lecce Saturn Ramenskoe
65%
ST Joel Pohjanpalo 22/23 Bayer Leverkusen Venezia
63%
ST Joel Pohjanpalo 14/15 HJK Helsinki Bayer Leverkusen
63%
ST Mikael Forssell 05/06 Chelsea Birmingham City
52%
CB Niklas Moisander 12/13 AZ Alkmaar Ajax
52%
CB Niklas Moisander 16/17 Sampdoria Werder Bremen
52%
ST Marcus Forss 22/23 Brentford Middlesbrough
44%
LB Jere Uronen 21/22 Genk Brest
39%
ST Shefki Kuqi 06/07 Blackburn Rovers Crystal Palace
39%
ST Shefki Kuqi 01/02 Stockport County Sheffield Wednesday
39%
CB Petri Pasanen 00/01 Lahti Ajax
37%
DM Teemu Tainio 08/09 Tottenham Hotspur Sunderland
37%
GK Antti Niemi 02/03 Hearts Southampton
35%
GK Antti Niemi 05/06 Southampton Fulham
35%
ST Eero Markkanen 14/15 AIK Real Madrid
35%
GK Jesse Joronen 19/20 Kobenhavn Brescia
35%
GK Jesse Joronen 22/23 Brescia Venezia
35%
CM Perparim Hetemaj 11/12 Brescia Chievo Verona
31%
RW Joonas Kolkka 01/02 PSV Panathinaikos
30%
CB Robin Tihi 23/24 AIK Al-Ahli (Qatar)
30%
CM Alexander Ring 20/21 New York City Austin
28%
AM Fredrik Jensen 18/19 Twente Augsburg
28%
ST Jonatan Johansson 00/01 Rangers Charlton Athletic
28%
CM Kaan Kairinen 22/23 Lillestrom Sparta Prague
28%
CB Hannu Tihinen 02/03 Viking Anderlecht
26%
CB Leo Vaisanen 22/23 Elfsborg Austin
22%
DM Daniel Sjolund 00/01 West Ham United Liverpool
17%
DM Luka Hyrylainen 22/23 Eintracht Frankfurt Hoffenheim
15%
RW Simon Skrabb 19/20 Norrkoping Brescia
13%
LB Jukka Koskinen 98/99 Willem II Anyang LG Cheetahs
9%
No matching quizzes found
Score Distribution
Percent of People with Each Score
Percentile by Number Answered
Your Score History
You have not taken this quiz